Informe que presenta al Gobernador, Capitán General de la Isla de Cuba, la comisión nombrada para inspeccionar las obras del Canal de Isabel II en Cuba / (Record no. 21260)

MARC details
000 -LEADER
campo de control de longitud fija 00677nam a2200181 i 4500
001 - NÚMERO DE CONTROL
campo de control 21260
003 - IDENTIFICADOR DE NÚMERO DE CONTROL
campo de control ES-MaACL
005 - FECHA Y HORA DE LA ÚLTIMA TRANSACCIÓN
campo de control 20250407063101.0
007 - CAMPO FIJO DE DESCRIPCIÓN FÍSICA--INFORMACIÓN GENERAL
campo de control de longitud fija t|
008 - DATOS DE LONGITUD FIJA--INFORMACIÓN GENERAL
campo de control de longitud fija 021122s1864 sp ||||1| spa d
100 1# - ENTRADA PRINCIPAL--NOMBRE DE PERSONA
Nombre de persona Albear y Lara, Francisco de,
Fechas asociadas al nombre 1816-1887
9 (RLIN) 19252
245 10 - MENCIÓN DEL TÍTULO
Título Informe que presenta al Gobernador, Capitán General de la Isla de Cuba, la comisión nombrada para inspeccionar las obras del Canal de Isabel II en Cuba /
Mención de responsabilidad, etc. por Francisco de Albear.
260 ## - PUBLICACIÓN, DISTRIBUCIÓN, ETC.
Lugar de publicación, distribución, etc. Madrid :
Nombre del editor, distribuidor, etc. [s.n.],
Fecha de publicación, distribución, etc. 1864 (
Fabricante Imp. de la Viuda de Yenes)
300 ## - DESCRIPCIÓN FÍSICA
Extensión 60 p. ;
Dimensiones 21 cm.
610 24 - PUNTO DE ACCESO ADICIONAL DE MATERIA--NOMBRE DE ENTIDAD CORPORATIVA
Nombre de entidad corporativa o nombre de jurisdicción como elemento de entrada Acueducto de Albear.
9 (RLIN) 161302
852 ## - LOCALIZACIÓN
Ubicación ES-MaACL
Número de control de estantería B-7999
Holdings
Estatus retirado Estado de pérdida Estado de daño No para préstamo Colección Biblioteca de origen Biblioteca actual Ubicación en estantería Fecha de adquisición Fuente de adquisición Total de préstamos Signatura topográfica completa Código de barras Visto por última vez Precio de reemplazo Tipo de ítem Koha
        Libros del s. XIX Biblioteca del Ateneo de Madrid Biblioteca del Ateneo de Madrid Sala Pardo Bazán 17/01/2008     B-7999 1021840 23/02/2023 23/02/2023 Libro impreso antiguo